|
|
|
|
| LEADER |
00000nam a2200000 i 4500 |
| 001 |
DIGUEXTR0242 |
| 003 |
NyNyDIG |
| 006 |
m o d |
| 008 |
210630t20172016ck a ob 000 0 spa d |
| 007 |
cr ||||||||||| |
| 035 |
|
|
|a (OCoLC)1260469255
|
| 040 |
|
|
|a DGITA
|b eng
|e rda
|e pn
|c DGITA
|
| 020 |
|
|
|a 9789587726534
|q eBook
|
| 020 |
|
|
|a 9587726537
|q eBook
|
| 020 |
|
|
|z 9789587725681
|
| 020 |
|
|
|z 9587725689
|
| 043 |
|
|
|a s-ck---
|a s-pe---
|
| 050 |
1 |
4 |
|a F2281.B7 ebook
|
| 082 |
0 |
4 |
|a 985.0632
|
| 100 |
1 |
|
|a Camacho Arango, Carlos,
|e author.
|
| 245 |
1 |
3 |
|a El conflicto de Leticia (1932-1933) y los ejércitos de Perú y Colombia /
|c Carlos Camacho Arango.
|
| 264 |
|
1 |
|a Bogotá :
|b Universidad Externado de Colombia, Centro de Estudios en Historia (CEHIS),
|c [2017]
|
| 264 |
|
4 |
|c ©2016
|
| 300 |
|
|
|a 1 online resource :
|b illustrations
|
| 336 |
|
|
|a text
|b txt
|2 rdacontent
|
| 337 |
|
|
|a computer
|b c
|2 rdamedia
|
| 338 |
|
|
|a online resource
|b cr
|2 rdacarrier
|
| 347 |
|
|
|a text file
|2 rdaft
|
| 347 |
|
|
|b PDF
|
| 490 |
1 |
|
|a Colección Centro de Estudios en Historia
|
| 504 |
|
|
|a Includes bibliographical references.
|
| 588 |
0 |
|
|a Online resource; title from PDF title page (Digitalia, viewed June 30, 2021)
|
| 650 |
|
0 |
|a Leticia Dispute, 1932-1934.
|
| 651 |
|
0 |
|a Leticia (Colombia)
|
| 651 |
|
0 |
|a Colombia
|x Boundaries
|z Peru.
|
| 651 |
|
0 |
|a Peru
|x Boundaries
|z Colombia.
|
| 651 |
|
0 |
|a Colombia
|x Foreign relations
|z Peru.
|
| 651 |
|
0 |
|a Peru
|x Foreign relations
|z Colombia.
|
| 651 |
|
0 |
|a Colombia
|x Armed Forces.
|
| 651 |
|
0 |
|a Peru
|x Armed Forces.
|
| 655 |
|
0 |
|a Electronic books.
|
| 791 |
2 |
|
|a Digitalia (Firm),
|e distributor.
|
| 793 |
0 |
|
|g Digitalia eBook Collection:
|a Universidad Externado de Colombia
|
| 776 |
0 |
8 |
|i Print version:
|a Camacho Arango, Carlos.
|t Conflicto de Leticia (1932-1933) y los ejércitos de Perú y Colombia.
|b Primera edición.
|d Bogotá : Universidad Externado de Colombia, Centro de Estudios en Historia (CEHIS), 2016
|z 9789587725681
|w (DLC) 2018365469
|w (OCoLC)976406877
|
| 830 |
|
0 |
|a Colección Fuentes para la historia (Universidad Externado de Colombia. Centro de Estudios en Historia)
|
| 856 |
4 |
0 |
|3 Digitalia Hispánica
|u https://www.digitaliapublishing.com/a/68717/
|
| 910 |
|
|
|a Premium collection: 2021
|